00546nam a2200181 a 45000010010000000030011000100080041000210350026000620820014000881000019001022450041001212600053001626500011002159420012002269520091002389980020003299990015003490000-9152ELIB.Books110520 2005  a(ELIB.Books)0000-9304 aB.Th bMu aMu Na Paw, Naw aUnpopular Women in the Old testament bInsein: Karen Baptist Theolgical Seminary c2005 aThesis 2ddccBK 00102ddc4070aKBTSbKBTSd2011-05-20l0p30220r2022-01-22 00:00:00w2022-01-22yBK cbate2011-05-20 c9152d9152